000 00668nam a2200277Ia 4500
005 20260324125246.0
008 008 260324s9999 xx 000 0 eng d
020 _a9780203871119
037 _aEBOOK
040 _aCRL
040 _beng
040 _cCRL
041 _2eng
041 _aeng
084 _qCRL
100 _aYvonne Raley; Gerhard Preyer
_91177303
245 0 _aPhilosophy of Education in the Era of Globalization
260 _bTaylor and Francis
260 _c2009
365 _a
365 _b255
856 _uhttp://www.taylorfrancis.com/books/9780203871119
942 _cEBOOK
999 _c1772392
_d1772392